Devinez la Capitale Mystère #71 - Statistiques

Statistiques générales
  • Ce quiz a été pris 169 fois
  • Le résultat moyen est 25 sur 33
Statistiques - réponses
Type de Réponse Réponse % Correct
Lettre Trouvée A
100%
Lettre de l'Alphabet I
100%
Lettre Trouvée R
99%
Lettre Bien Placée A
98%
Lettre de l'Alphabet N
98%
Lettre Trouvée B
97%
Lettre Trouvée E
97%
Lettre de l'Alphabet L
97%
Lettre de l'Alphabet S
97%
Lettre de l'Alphabet O
96%
Lettre de l'Alphabet D
95%
Lettre de l'Alphabet P
91%
Lettre de l'Alphabet M
88%
Lettre de l'Alphabet U
88%
Lettre de l'Alphabet T
87%
Lettre Trouvée G
80%
Lettre de l'Alphabet K
79%
Lettre de l'Alphabet C
77%
Lettre de l'Alphabet H
75%
Lettre Bien Placée R
72%
Lettre Bien Placée E
70%
Lettre de l'Alphabet W
68%
Lettre de l'Alphabet V
65%
Lettre de l'Alphabet X
61%
Lettre de l'Alphabet Y
59%
Lettre Bien Placée G
53%
Lettre de l'Alphabet J
52%
Lettre de l'Alphabet F
48%
Lettre Bien Placée B
46%
Lettre Trouvée Z
46%
Lettre de l'Alphabet Q
42%
Lettre Bien Placée Z
40%
Capitale Mystère Zagreb
40%
Aucun quiz correspondant
Distribution des résultats
% des personnes avec chaque résultat
Percentile par nombre de réponses
Votre historique - résultats
Vous n’avez pas pris ce quiz